World Capitals by a Single Clue #2 - Statistics

General Stats
  • This quiz has been taken 54,040 times
  • The average score is 10 of 20
Answer Stats
Country Clue Capital City % Correct
Germany Divided by a wall until 1989 Berlin
100%
Spain Home to Europe's most successful professional soccer club Madrid
87%
Ireland Where Guinness beer comes from Dublin
84%
Egypt One of the two most populous metro areas in Africa Cairo
74%
Denmark Hans Christian Andersen lived here Copenhagen
72%
Singapore City-state with a population of about 6 million Singapore
64%
Nepal Everest climbers usually fly into this city Kathmandu
57%
Monaco Has the most billionaires per capita of any capital city Monaco
50%
Mongolia This inland Asian city is the world's coldest capital Ulaanbaatar
49%
Peru Founded by Francisco Pizarro in 1535 Lima
47%
Netherlands The world's oldest stock exchange was founded here in 1602 Amsterdam
43%
Philippines Its metro area includes Quezon City Manila
39%
Venezuela Site of many protests against Nicolas Maduro Caracas
36%
Canada Its name comes from the Algonquin language Ottawa
35%
Chile Lies 120 kilometers inland from the port city of Valparaíso Santiago
32%
Uganda Located on the north coast of Lake Victoria Kampala
31%
Israel In 2018, the United States became the first country to have an embassy in this Asian capital Jerusalem
29%
Syria Capital of the Umayyad Caliphate from 661 to 750 Damascus
28%
United States Based on a 1791 design by French architect Charles L'Enfant Washington D.C.
28%
Panama It bordered U.S. territory from 1903 to 1979 Panama City
11%
No matching quizzes found
Score Distribution
Percent of People with Each Score
Percentile by Number Answered
Your Score History
You have not taken this quiz